Cambridge primary Mathematics learner’s book stage 1/ (Record no. 8671)
[ view plain ]
| 000 -LEADER | |
|---|---|
| fixed length control field | 01006nam a22002297a 4500 |
| 001 - CONTROL NUMBER | |
| control field | 8671 |
| 003 - CONTROL NUMBER IDENTIFIER | |
| control field | FISKH |
| 005 - DATE AND TIME OF LATEST TRANSACTION | |
| control field | 20251009104930.0 |
| 008 - FIXED-LENGTH DATA ELEMENTS--GENERAL INFORMATION | |
| fixed length control field | 251009b cb ||||| |||| 00| 0 eng d |
| 020 ## - INTERNATIONAL STANDARD BOOK NUMBER | |
| International Standard Book Number | 9781107631311 |
| 040 ## - CATALOGING SOURCE | |
| Original cataloging agency | FISKH |
| Language of cataloging | eng |
| Transcribing agency | FISKH |
| Modifying agency | FISKH |
| 082 ## - DEWEY DECIMAL CLASSIFICATION NUMBER | |
| Classification number | 510.712 |
| 100 ## - MAIN ENTRY--PERSONAL NAME | |
| Personal name | Moseley, Cherri |
| 245 ## - TITLE STATEMENT | |
| Title | Cambridge primary Mathematics learner’s book stage 1/ |
| Statement of responsibility, etc. | Cherri Moseley and Janet Rees |
| 260 ## - PUBLICATION, DISTRIBUTION, ETC. | |
| Place of publication, distribution, etc. | New York : |
| Name of publisher, distributor, etc. | Cambridge, |
| Date of publication, distribution, etc. | 2014. |
| 300 ## - PHYSICAL DESCRIPTION | |
| Extent | 90 pages : |
| Other physical details | color illustrations ; |
| Dimensions | 28 cm |
| 520 ## - SUMMARY, ETC. | |
| Summary, etc. | Cambridge Primary Mathematics Learner’s Book Stage 1 introduces young learners to basic mathematical concepts through hands-on activities, visual learning, and problem-solving exercises. It follows the Cambridge Primary Mathematics curriculum and encourages critical thinking and confidence in using numbers. |
| 650 ## - SUBJECT ADDED ENTRY--TOPICAL TERM | |
| Topical term or geographic name entry element | Mathematics |
| Form subdivision | Study and teaching |
| General subdivision | Problem solving |
| Chronological subdivision | Numeracy skills |
| 700 ## - ADDED ENTRY--PERSONAL NAME | |
| Personal name | Rees, Janet |
| Relator term | Author |
| 942 ## - ADDED ENTRY ELEMENTS (KOHA) | |
| Source of classification or shelving scheme | Dewey Decimal Classification |
| Koha item type | Books |
| Suppress in OPAC | No |
| Withdrawn status | Lost status | Source of classification or shelving scheme | Damaged status | Not for loan | Collection | Home library | Current library | Shelving location | Date acquired | Total Checkouts | Full call number | Barcode | Date last seen | Copy number | Price effective from | Koha item type |
|---|---|---|---|---|---|---|---|---|---|---|---|---|---|---|---|---|
| Dewey Decimal Classification | Reference | Footprints International School Library Network Toul Kork Campus | Footprints International School Library Network Toul Kork Campus | Librarian's Shelf TK | 10/09/2025 | MOS 510.712 PZ7 | 2025-4510 | 10/09/2025 | 1 | 10/09/2025 | Books |
